000 00612nam a22002297a 4500
003 UA-OsUOA
001 93885
007 ta
008 20130129b un ||||| |||| 00| 0 ukr d
100 _aВаттар А.
090 _a821.411.21
_bВ21
942 _cBK
040 _aUA-OsUOA
_bukr
_cUA-OsUOA
_dUA-OsUOA
245 _aТуз. І здригнеться земля...
_bромани
300 _a286 с.
955 _a3
041 _aukr
080 _a821.411.21
260 _aК.
_bДніпро
_c1982
650 7 _a82 Література. Літературознавство
_2UDC
999 _c380128
_d380128